| 000 | 00880nam a2200241Ia 4500 | ||
|---|---|---|---|
| 001 | 20550 | ||
| 003 | GE_BSU | ||
| 008 | 181216s||||||||xx |||||||||||||| ||und|| | ||
| 040 | _cGE_BSU | ||
| 080 | _a811.353.1-8(075.3) | ||
| 245 | _aდედაენა. ნაწ.1 | ||
| 245 | _b1 კლასისათვის | ||
| 245 | _cიაკობ გოგებაშვილის დედაენის მიხედვით შეადგინა ვ. რამიშვილმა[მხატვ.: მ. მორჩილაძე და სხვ.], | ||
| 250 | _a11 გამოც. | ||
| 260 | _aთბილისი | ||
| 260 | _bგანათლება | ||
| 260 | _c1991 | ||
| 300 | _a64 გვ. 22სმ. | ||
| 541 | _h1ლ.80თ. | ||
| 653 | _a1 კლასისთვის | ||
| 653 | _aდედაენა. ნაწ.1 | ||
| 942 | _cBK | ||
| 999 |
_c53504 _d53504 |
||